[Event "I Festival Parthenope A"]
[Site "Napoli ITA"]
[Date "2005.05.13"]
[Round "2"]
[White "Colucci, Diego"]
[Black "Ricci, Giuseppe"]
[Result "1-0"]
[WhiteElo "1685"]
[BlackElo "1874"]
[PlyCount "49"]
[EventDate "2005.05.13"]

1. e4 c5 2. d4 cxd4 3. c3 dxc3 4. Nxc3 d6 5. Bc4 e6 6. Nf3 Be7 7. O-O Nf6 8.
Bf4 Nc6 9. Qe2 Qb6 10. Rfd1 e5 11. Bg5 Bg4 12. Bxf6 gxf6 13. Nb5 Rd8 14. h3
Bxf3 15. Qxf3 a6 16. Nxd6+ Rxd6 17. Rxd6 Qxb2 18. Rad1 Nd4 19. Qh5 Bxd6 20.
Qxf7+ Kd8 21. Qxf6+ Kc7 22. Qxh8 Qc2 23. Qxh7+ Kb6 24. Bb3 Bc5 25. Bxc2 1-0

[Event "I Festival Parthenope A"]
[Site "Napoli ITA"]
[Date "2005.05.13"]
[Round "2"]
[White "D'Amore, Emanuele"]
[Black "Altieri, Danilo Mario"]
[Result "1-0"]
[WhiteElo "2177"]
[BlackElo "2023"]
[PlyCount "117"]
[EventDate "2005.05.13"]

1. e4 d5 2. d3 dxe4 3. dxe4 Qxd1+ 4. Kxd1 e5 5. Be3 Be6 6. Nd2 Bd6 7. Nc4 Bxc4
8. Bxc4 Nc6 9. c3 f6 10. Nh3 Nge7 11. f3 O-O-O 12. Kc2 Kb8 13. b4 a6 14. Nf2 b5
15. Be2 f5 16. Nd3 f4 17. Bf2 Nc8 18. a4 Nb6 19. axb5 axb5 20. Nb2 Na7 21. Ra5
Kb7 22. Bxb5 Nxb5 23. Rxb5 Ra8 24. Bxb6 cxb6 25. Rd5 Bc7 26. Rd7 g5 27. Rhd1
Rad8 28. Nc4 Kc8 29. Rxd8+ Rxd8 30. Rxd8+ Kxd8 31. Kd3 Kd7 32. Na3 Kc6 33. Kc4
h5 34. Nb5 Bd8 35. h3 h4 36. Na3 Be7 37. Kb3 Bd6 38. c4 Be7 39. Ka4 Bd6 40. Nc2
Bf8 41. Ne1 Be7 42. Nd3 Bd6 43. Nf2 Bf8 44. Ng4 Bg7 45. Nf2 Bf8 46. Nd3 Bd6 47.
Kb3 Bc7 48. Kc3 Bd6 49. c5 Bc7 50. cxb6 Kxb6 51. Kc4 Kc6 52. Nc5 Bd8 53. Na4
Bc7 54. b5+ Kb7 55. Kd5 Kc8 56. Kc6 Bd8 57. Nc5 Kb8 58. b6 g4 59. Nd7+ 1-0

[Event "I Festival Parthenope A"]
[Site "Napoli ITA"]
[Date "2005.05.13"]
[Round "2"]
[White "Della Ragione, Achille"]
[Black "Colucci, Stefano"]
[Result "1-0"]
[WhiteElo "2069"]
[BlackElo "1820"]
[PlyCount "40"]
[EventDate "2005.05.13"]

1. c4 Nf6 2. Nc3 e6 3. e4 d6 4. d3 g6 5. g3 Bg7 6. Bg2 e5 7. Nge2 c6 8. O-O O-O
9. f4 Qb6+ 10. d4 exd4 11. Na4 Qc7 12. Nxd4 Nbd7 13. Kh1 Nb6 14. Nxb6 Qxb6 15.
Nc2 Ng4 16. f5 Nf2+ 17. Rxf2 Qxf2 18. Be3 Qxg2+ 19. Kxg2 gxf5 20. Bd4 fxe4 1-0

[Event "I Festival Parthenope A"]
[Site "Napoli ITA"]
[Date "2005.05.13"]
[Round "2"]
[White "Di Gennaro, Antonio"]
[Black "Orefice, Nino"]
[Result "1/2-1/2"]
[WhiteElo "1565"]
[BlackElo "1822"]
[PlyCount "95"]
[EventDate "2005.05.13"]

1. e4 d5 2. exd5 Qxd5 3. Nc3 Qa5 4. d4 Nf6 5. Nf3 c6 6. Bd3 Bg4 7. h3 Bh5 8.
O-O e6 9. Bd2 Qc7 10. Re1 Nbd7 11. Qe2 Bd6 12. Ne4 Nxe4 13. Bxe4 Nf6 14. Bd3
O-O 15. g4 Bg6 16. Ne5 Bxe5 17. dxe5 Bxd3 18. Qxd3 Rfd8 19. Qe2 Nd5 20. c4 Ne7
21. Bf4 Rd4 22. Bg3 Rad8 23. Red1 Qd7 24. Rxd4 Qxd4 25. Rb1 Qd2 26. Qxd2 Rxd2
27. a4 Kf8 28. Kf1 Ke8 29. Ke1 Rd4 30. b3 Ng6 31. Rb2 a6 32. Rd2 Rxd2 33. Kxd2
Kd7 34. Kd3 b5 35. Kc3 Kc7 36. f3 bxc4 37. bxc4 c5 38. Kb3 Kc6 39. Kc3 Kb6 40.
Kb3 Ne7 41. f4 Kc6 42. Be1 Ng6 43. Bg3 f6 44. exf6 gxf6 45. f5 exf5 46. gxf5
Ne7 47. Bh4 Nxf5 48. Bxf6 1/2-1/2

[Event "I Festival Parthenope A"]
[Site "Napoli ITA"]
[Date "2005.05.13"]
[Round "2"]
[White "Dragojlovic, Andjelko"]
[Black "Sannino, Raffaele"]
[Result "1-0"]
[WhiteElo "2285"]
[BlackElo "2022"]
[PlyCount "129"]
[EventDate "2005.05.13"]

1. e4 e5 2. Nc3 Nf6 3. Bc4 Nc6 4. d3 Na5 5. Nge2 Nxc4 6. dxc4 Bc5 7. Ng3 d6 8.
Qd3 Ng4 9. O-O O-O 10. h3 Nxf2 11. Rxf2 Qh4 12. Qf3 Bxf2+ 13. Qxf2 g6 14. Nh1
Qxf2+ 15. Nxf2 f5 16. b3 Kg7 17. Bb2 b6 18. a4 a5 19. Nd5 Rf7 20. Rd1 Kg8 21.
h4 Bb7 22. Bc1 Bxd5 23. cxd5 Kg7 24. c3 Raf8 25. Bd2 Ra8 26. Ra1 Rff8 27. Nd3
h6 28. Re1 Rf7 29. Nf2 Raf8 30. c4 Ra8 31. Nd1 Kh7 32. Nc3 Kg7 33. Nb5 Kh7 34.
h5 f4 35. hxg6+ Kxg6 36. Kf2 Rg8 37. Nc3 Kh7 38. Ne2 Rfg7 39. Rg1 Rg4 40. Be1
R8g7 41. Kf3 h5 42. Bf2 Rf7 43. Rh1 Kh6 44. Bh4 Kg6 45. Nc1 Kh6 46. Rh2 Rg8 47.
Nd3 Kh7 48. Be1 Kh6 49. Rh3 Rg4 50. Bh4 Rg8 51. Ne1 Kh7 52. Kf2 Kh6 53. Nf3 Rg4
54. Kf1 Rg8 55. Be1 Rg4 56. Bd2 Kg6 57. Nh4+ Kg7 58. Nf3 Kg6 59. Kf2 Rf8 60.
Nh4+ Kh7 61. Nf5 Kg6 62. Kf3 Rf7 63. Be1 Rh7 64. g3 fxg3 65. Bxg3 $139 1-0

[Event "I Festival Parthenope A"]
[Site "Napoli ITA"]
[Date "2005.05.13"]
[Round "2"]
[White "Ficco, Corrado"]
[Black "Lombardi, Ottavio"]
[Result "1-0"]
[WhiteElo "2148"]
[BlackElo "1553"]
[PlyCount "71"]
[EventDate "2005.05.13"]

1. e4 g6 2. d4 Bg7 3. f4 c6 4. c3 d5 5. e5 f6 6. Nf3 Bf5 7. Bd3 Nh6 8. O-O O-O
9. Na3 Nd7 10. Nc2 e6 11. Ne3 Bxd3 12. Qxd3 f5 13. b3 c5 14. Ba3 Qa5 15. Bxc5
Nxc5 16. dxc5 Qxc5 17. Nd4 Kf7 18. Rfd1 Rfc8 19. Rac1 a6 20. c4 Qa3 21. Rc2 Qa5
22. Rdc1 Qd8 23. cxd5 exd5 24. Nf3 Bf8 25. Ng5+ Kg8 26. Nxd5 Ng4 27. h3 Rxc2
28. Rxc2 Nxe5 29. fxe5 Qxg5 30. Nf6+ Kh8 31. Rc7 Bg7 32. Qc3 Qh6 33. e6 Rf8 34.
Rc8 Qh4 35. Rxf8+ Bxf8 36. e7 1-0

[Event "I Festival Parthenope A"]
[Site "Napoli ITA"]
[Date "2005.05.13"]
[Round "2"]
[White "Gallo, Thomas Renato"]
[Black "Grasso, Nino"]
[Result "0-1"]
[WhiteElo "1802"]
[BlackElo "1990"]
[PlyCount "78"]
[EventDate "2005.05.13"]

1. d4 Nf6 2. c4 c5 3. e3 g6 4. g3 Bg7 5. Bg2 O-O 6. Nf3 d6 7. O-O Qc7 8. b3 a6
9. Nc3 Nc6 10. Rb1 Bf5 11. Rb2 Qa5 12. Bd2 Qa3 13. Bc1 Ne4 14. Nxe4 Bxe4 15.
Rd2 Qa5 16. Re1 Rab8 17. Nh4 Bxg2 18. Nxg2 b5 19. Qf3 Rfc8 20. Red1 bxc4 21.
bxc4 Rb1 22. Qe2 cxd4 23. Rd3 dxe3 24. Nxe3 Nd4 25. Qg4 f5 26. Nxf5 Qxf5 27.
Qxf5 gxf5 28. Bg5 Rxd1+ 29. Rxd1 Nf3+ 30. Kg2 Nxg5 31. Rc1 Bd4 32. f4 Ne4 33.
Kf3 Nd2+ 34. Ke2 Nxc4 35. a4 e5 36. fxe5 dxe5 37. Rf1 Nd6 38. h3 e4 39. g4 Rc2+
0-1

[Event "I Festival Parthenope A"]
[Site "Napoli ITA"]
[Date "2005.05.13"]
[Round "2"]
[White "Mautone, Valerio"]
[Black "Saccone, Fabio"]
[Result "1/2-1/2"]
[WhiteElo "2018"]
[BlackElo "2325"]
[PlyCount "35"]
[EventDate "2005.05.13"]

1. e4 c5 2. Nf3 d6 3. d4 cxd4 4. Nxd4 Nf6 5. Nc3 a6 6. Bc4 e6 7. Bb3 Nbd7 8. f4
Nc5 9. f5 e5 10. Nde2 Be7 11. Ng3 b5 12. Be3 Nxb3 13. axb3 Bb7 14. Qe2 b4 15.
Na4 O-O 16. O-O-O Rc8 17. Bb6 Qd7 18. Rhe1 1/2-1/2

[Event "I Festival Parthenope A"]
[Site "Napoli ITA"]
[Date "2005.05.13"]
[Round "2"]
[White "Pasta, Pietro"]
[Black "Fumo, Guglielmo"]
[Result "0-1"]
[WhiteElo "1778"]
[BlackElo "1937"]
[PlyCount "124"]
[EventDate "2005.05.13"]

1. d4 Nf6 2. Bg5 Ne4 3. Bf4 c5 4. d5 Qb6 5. Bc1 g6 6. f3 Nf6 7. e4 d6 8. Na3
Bg7 9. Nc4 Qc7 10. Ne2 b5 11. Ne3 O-O 12. Nc3 a6 13. Be2 b4 14. Nb1 e6 15. dxe6
Bxe6 16. c4 Nc6 17. O-O Nd4 18. Bd3 a5 19. Re1 a4 20. Nd2 Qb7 21. Rb1 Nh5 22.
Nd5 Be5 23. Nf1 Bxd5 24. exd5 Nf4 25. Ng3 f5 26. Ne2 Nfxe2+ 27. Bxe2 f4 28. Bd3
Qe7 29. Re4 b3 30. a3 Qf6 31. Bd2 Rae8 32. Be1 Nf5 33. Qd2 Ne3 34. Kh1 Kh8 35.
Bf2 Bd4 36. Bxe3 fxe3 37. Qe2 Rxe4 38. Bxe4 Kg7 39. g3 h5 40. Kg2 h4 41. g4 Re8
42. Kh3 Qf4 43. Qd3 Be5 44. Qe2 Kf6 45. Rg1 Kg5 46. Bb1 Qd4 47. Rg2 Rf8 48. Be4
Kf6 49. g5+ Kg7 50. Kxh4 Rh8+ 51. Kg4 Rf8 52. h4 Rf4+ 53. Kh3 Rxe4 54. fxe4
Qxe4 55. h5 Qb1 56. h6+ Kg8 57. Kg4 Qe4+ 58. Kh3 Qb1 59. Kg4 Qh1 60. Kf3 Qh3+
61. Ke4 Qf5+ 62. Kxe3 Qf4+ 0-1

[Event "I Festival Parthenope A"]
[Site "Napoli ITA"]
[Date "2005.05.13"]
[Round "2"]
[White "Piscopo, Pierluigi"]
[Black "Fezza, Davide"]
[Result "1-0"]
[WhiteElo "2353"]
[BlackElo "2068"]
[PlyCount "61"]
[EventDate "2005.05.13"]

1. e4 c5 2. Nf3 e6 3. d4 cxd4 4. Nxd4 a6 5. Nc3 Qc7 6. Bd3 Nf6 7. Qe2 d6 8. O-O
b5 9. Bd2 Be7 10. b4 Nbd7 11. a4 bxa4 12. Rxa4 Nb6 13. Raa1 d5 14. exd5 Nbxd5
15. Nxd5 Nxd5 16. Bb5+ Bd7 17. Rxa6 Rxa6 18. Bxd7+ Qxd7 19. Qxa6 Bxb4 20. Bxb4
Nxb4 21. Qa8+ Ke7 22. Nf5+ exf5 23. Qxh8 Kf6 24. Qxh7 Nxc2 25. Qh4+ Kg6 26. h3
Nd4 27. Kh2 Ne2 28. f4 f6 29. g4 Kf7 30. Qh5+ Kg8 31. Re1 1-0

[Event "I Festival Parthenope A"]
[Site "Napoli ITA"]
[Date "2005.05.13"]
[Round "2"]
[White "Schiappoli, Dario"]
[Black "Iandolo, Marco"]
[Result "0-1"]
[WhiteElo "1954"]
[BlackElo "1802"]
[PlyCount "31"]
[EventDate "2005.05.13"]

1. e4 d5 2. exd5 Nf6 3. d4 Bg4 4. Qd3 Qxd5 5. c4 Qd7 6. Be3 e6 7. a3 Be7 8. Qb3
Nc6 9. h3 Bf5 10. Nf3 O-O 11. Bd3 Bxd3 12. Qxd3 Rad8 13. Nc3 Nxd4 14. Bxd4 c5
15. Rd1 cxd4 16. O-O 0-1

[Event "I Festival Parthenope A"]
[Site "Napoli ITA"]
[Date "2005.05.13"]
[Round "2"]
[White "Solodovnichenko, Yuri"]
[Black "Messina, Enrico"]
[Result "1-0"]
[WhiteElo "2519"]
[BlackElo "2133"]
[PlyCount "61"]
[EventDate "2005.05.13"]

1. e4 c5 2. Nf3 d6 3. d4 cxd4 4. Nxd4 Nf6 5. Nc3 g6 6. Be3 Bg7 7. f3 O-O 8. Qd2
Nc6 9. Bc4 Nd7 10. h4 Nb6 11. Bb3 Na5 12. Qd3 Bd7 13. h5 Nxb3 14. axb3 a5 15.
Ndb5 Bc6 16. O-O-O a4 17. hxg6 fxg6 18. bxa4 Rf7 19. b3 Nd7 20. Bd4 Ne5 21. Qd2
e6 22. f4 Rd7 23. Qe2 Nf7 24. Bxg7 Kxg7 25. Nd4 Qf6 26. Qg4 Re8 27. Kb1 Rdd8
28. f5 exf5 29. exf5 Nh6 30. Qh3 gxf5 31. Qxh6+ 1-0

[Event "I Festival Parthenope A"]
[Site "Napoli ITA"]
[Date "2005.05.13"]
[Round "2"]
[White "Stromboli, Carlo"]
[Black "Cerrato, Roberto"]
[Result "1/2-1/2"]
[WhiteElo "2172"]
[BlackElo "1813"]
[PlyCount "110"]
[EventDate "2005.05.13"]

1. e4 e6 2. d4 d5 3. Nc3 Bb4 4. e5 c5 5. Bd2 Ne7 6. f4 cxd4 7. Nb5 Bxd2+ 8.
Qxd2 O-O 9. Nf3 Nbc6 10. Bd3 Qa5 11. Qxa5 Nxa5 12. Nbxd4 Bd7 13. O-O Rac8 14.
c3 Nc4 15. Rf2 a6 16. a4 Na5 17. g4 g6 18. h3 Nac6 19. Nb3 f5 20. Nc5 Rc7 21.
b4 fxg4 22. Ng5 Nd8 23. hxg4 h6 24. Nh3 Bc8 25. Rc1 d4 26. cxd4 b6 27. Nb3
Rxc1+ 28. Nxc1 Ndc6 29. Ne2 Nxb4 30. Bc4 Ned5 31. Ng3 Bd7 32. g5 h5 33. f5 h4
34. fxe6 Bxe6 35. Ne4 Bxh3 36. Nf6+ Rxf6 37. Rxf6 Kg7 38. Rd6 Ne3 39. Rxb6 Nxc4
40. Rxb4 Be6 41. Rb7+ Kf8 42. Ra7 a5 43. Kf2 h3 44. Kg3 Kg8 45. Re7 Bf5 46. Rc7
Ne3 47. Rc1 Kf7 48. Kf3 Nd5 49. Rc5 Ke6 50. Rxa5 Nf4 51. Rb5 h2 52. Rb6+ Kd5
53. Rd6+ Kc4 54. Rc6+ Kd3 55. Rc1 Be4+ 1/2-1/2

[Event "I Festival Parthenope A"]
[Site "Napoli ITA"]
[Date "2005.05.13"]
[Round "2"]
[White "Stromboli, Ettore"]
[Black "Tortora, Antonio"]
[Result "1-0"]
[WhiteElo "2198"]
[BlackElo "1774"]
[PlyCount "137"]
[EventDate "2005.05.13"]

1. e4 e5 2. Nf3 Nc6 3. Bc4 Nf6 4. d3 Be7 5. c3 d6 6. O-O O-O 7. Re1 Na5 8. Bb3
Nxb3 9. axb3 Bg4 10. Nbd2 c5 11. h3 Bh5 12. Nf1 h6 13. Ng3 Bg6 14. Nh4 Bh7 15.
Nhf5 Re8 16. Qf3 Bf8 17. c4 Re6 18. Bd2 Nd7 19. b4 a6 20. Ne3 cxb4 21. Bxb4 Nf6
22. Ne2 Qb6 23. Ba3 Qd8 24. Nc3 Rc8 25. Ncd5 Nxd5 26. Nxd5 Rc6 27. Bb4 Bg6 28.
Ba5 Qg5 29. Ra3 b5 30. cxb5 axb5 31. Rb3 f5 32. Nc7 Rf6 33. exf5 Rc1 34. Ne6
Rxe1+ 35. Bxe1 Qc1 36. Qe2 Bxf5 37. Nxf8 Rxf8 38. Rc3 Qg5 39. Bd2 Qg6 40. Kh2
Rc8 41. Rxc8+ Bxc8 42. Qf3 Bf5 43. Qd5+ Kh7 44. Qxb5 Bxd3 45. Qb6 Bf1 46. Qc6
e4 47. g4 Bd3 48. Bf4 h5 49. Qxd6 Qxd6 50. Bxd6 hxg4 51. hxg4 Be2 52. Kg3 g6
53. Kf4 Bd3 54. Ke3 g5 55. f3 Bb5 56. Kxe4 Bc6+ 57. Kf5 Bxf3 58. Kxg5 Kg8 59.
Kf5 Bd5 60. Kf6 Bb3 61. g5 Bc4 62. b4 Bb5 63. g6 Bc4 64. g7 Bb5 65. Bf8 Bc4 66.
Ke7 Bb5 67. Kd6 Bc4 68. Kc6 Kf7 69. b5 1-0

[Event "I Festival Parthenope A"]
[Site "Napoli ITA"]
[Date "2005.05.14"]
[Round "3"]
[White "Altieri, Danilo Mario"]
[Black "Iandolo, Marco"]
[Result "1/2-1/2"]
[WhiteElo "2023"]
[BlackElo "1802"]
[PlyCount "32"]
[EventDate "2005.05.13"]

1. d4 Nf6 2. Nf3 c5 3. c3 b6 4. Bf4 Bb7 5. Nbd2 g6 6. e3 Bg7 7. Qb3 d6 8. Bb5+
Nbd7 9. Bc4 d5 10. Be2 O-O 11. Ne5 Nxe5 12. Bxe5 cxd4 13. exd4 Nd7 14. Bxg7
Kxg7 15. Bf3 Nf6 16. Qc2 Qd7 1/2-1/2

[Event "I Festival Parthenope A"]
[Site "Napoli ITA"]
[Date "2005.05.14"]
[Round "3"]
[White "Cerrato, Roberto"]
[Black "Della Ragione, Achille"]
[Result "1-0"]
[WhiteElo "1813"]
[BlackElo "2069"]
[PlyCount "81"]
[EventDate "2005.05.13"]

1. d4 Nf6 2. c4 e6 3. Nf3 b6 4. e3 Bb7 5. Bd3 Bb4+ 6. Nbd2 Ne4 7. O-O f5 8. Qc2
d5 9. Qa4+ Nc6 10. cxd5 Qxd5 11. Bc4 Qd6 12. Nxe4 fxe4 13. Ng5 a6 14. Qc2 b5
15. Nxe4 Qe7 16. Bd3 O-O 17. a3 Bd6 18. Nxd6 cxd6 19. Bxh7+ Kh8 20. Be4 Rac8
21. Qe2 Rf6 22. Bd2 Rh6 23. f4 e5 24. fxe5 Qh4 25. Qf3 Qxh2+ 26. Kf2 Qh4+ 27.
g3 Qe7 28. Ke1 dxe5 29. d5 Nb8 30. Rh1 Qg5 31. Rxh6+ gxh6 32. Ke2 Nd7 33. Qf5
Nf6 34. Qxg5 hxg5 35. Bf5 Rc4 36. d6 Bc8 37. Bxc8 Rxc8 38. Bc3 Nd7 39. Rd1 Kg7
40. Kf3 Kf6 41. Rh1 {...} 1-0

[Event "I Festival Parthenope A"]
[Site "Napoli ITA"]
[Date "2005.05.14"]
[Round "3"]
[White "Collutiis, Duilio"]
[Black "Solodovnichenko, Yuri"]
[Result "1/2-1/2"]
[WhiteElo "2382"]
[BlackElo "2519"]
[PlyCount "37"]
[EventDate "2005.05.13"]

1. e4 c5 2. Nf3 d6 3. Bb5+ Nd7 4. O-O Ngf6 5. d4 a6 6. Bxd7+ Nxd7 7. Nc3 e6 8.
Bg5 Qc7 9. dxc5 Qxc5 10. Re1 h6 11. Be3 Qa5 12. Qd4 Ne5 13. Nxe5 dxe5 14. Qa4+
Qxa4 15. Nxa4 Bd7 16. Nb6 Rd8 17. Nxd7 Rxd7 18. a4 Rc7 19. c3 1/2-1/2

[Event "I Festival Parthenope A"]
[Site "Napoli ITA"]
[Date "2005.05.14"]
[Round "3"]
[White "Cordi', Domenico"]
[Black "Gallina, Giacomo"]
[Result "1-0"]
[WhiteElo "2084"]
[BlackElo "1844"]
[PlyCount "79"]
[EventDate "2005.05.13"]

1. d4 d5 2. c4 c6 3. Nc3 Nf6 4. Nf3 Bg4 5. cxd5 Nxd5 6. e4 Nxc3 7. bxc3 e6 8.
Qb3 Qc7 9. Ne5 Bh5 10. Bd3 Bd6 11. Nc4 Be7 12. Bf4 Qd7 13. g4 Bg6 14. h4 f6 15.
h5 Bf7 16. e5 O-O 17. Qc2 h6 18. Qd2 f5 19. O-O-O Qd8 20. Rdg1 b5 21. Nd6 Bxd6
22. exd6 Nd7 23. Bxh6 f4 24. Bxf4 c5 25. g5 cxd4 26. cxd4 e5 27. Bxe5 Nxe5 28.
dxe5 Bd5 29. Rh2 Qc8+ 30. Kb1 Rf3 31. Bh7+ Kxh7 32. g6+ Kh8 33. Qxd5 Qf5+ 34.
Ka1 Rd8 35. h6 Rh3 36. Rxh3 Qxh3 37. hxg7+ Kxg7 38. Qf7+ Kh8 39. g7+ Kh7 40.
g8=Q+ 1-0

[Event "I Festival Parthenope A"]
[Site "Napoli ITA"]
[Date "2005.05.14"]
[Round "3"]
[White "D'Amore, Emanuele"]
[Black "Ficco, Corrado"]
[Result "0-1"]
[WhiteElo "2177"]
[BlackElo "2148"]
[PlyCount "62"]
[EventDate "2005.05.13"]

1. e4 c5 2. Nf3 e6 3. d4 cxd4 4. Nxd4 Nc6 5. Nb5 Nf6 6. Bg5 d6 7. c4 a6 8. N5c3
Be7 9. Be3 O-O 10. Be2 Qc7 11. Nd2 b6 12. Rc1 Ne5 13. f4 Ned7 14. O-O Bb7 15.
b4 Rac8 16. Qb3 Qb8 17. g4 Qa8 18. Bf3 Rfd8 19. g5 Ne8 20. a3 Bf8 21. Qd1 g6
22. Qe2 Bc6 23. Nb3 Bg7 24. Nd4 Bb7 25. f5 exf5 26. exf5 Bxf3 27. Nxf3 Bxc3 28.
Rxc3 Qe4 29. Nd2 Qe5 30. Rd3 Ng7 31. Rd5 Qe8 0-1

[Event "I Festival Parthenope A"]
[Site "Napoli ITA"]
[Date "2005.05.14"]
[Round "3"]
[White "Djuric, Stefan"]
[Black "Piscopo, Pierluigi"]
[Result "1-0"]
[WhiteElo "2459"]
[BlackElo "2353"]
[PlyCount "45"]
[EventDate "2005.05.13"]

1. Nf3 Nf6 2. g3 g6 3. Bg2 Bg7 4. O-O O-O 5. d4 c6 6. c4 d6 7. Nc3 Qa5 8. e4 e5
9. d5 cxd5 10. cxd5 Bd7 11. Nd2 Rc8 12. Nb3 Qd8 13. Qe2 a5 14. a4 Na6 15. Be3
Ng4 16. Bd2 Qb6 17. Nb5 Nc7 18. Bxa5 Rxa5 19. Nxa5 Qxa5 20. Nxd6 Rb8 21. Rfc1
Bf8 22. Nc4 Qa7 23. Ne3 1-0

[Event "I Festival Parthenope A"]
[Site "Napoli ITA"]
[Date "2005.05.14"]
[Round "3"]
[White "Fezza, Davide"]
[Black "Basile, Aldo"]
[Result "1-0"]
[WhiteElo "2068"]
[BlackElo "1437"]
[PlyCount "51"]
[EventDate "2005.05.13"]

1. e4 e6 2. d4 d5 3. Nd2 c5 4. exd5 exd5 5. Bb5+ Nc6 6. Ngf3 Qe7+ 7. Qe2 Qxe2+
8. Kxe2 Bg4 9. dxc5 Bxc5 10. Re1 O-O-O 11. Kf1 Nf6 12. Bxc6 bxc6 13. Ne5 Rhe8
14. Nb3 Bb6 15. Bg5 Bf5 16. Nxc6 Rd7 17. Rxe8+ Nxe8 18. Ne7+ Kb7 19. Nxf5 f6
20. Be3 g6 21. Bxb6 axb6 22. Ne3 Kc6 23. Rd1 Nc7 24. c4 f5 25. cxd5+ Kd6 26.
Nc4+ 1-0

[Event "I Festival Parthenope A"]
[Site "Napoli ITA"]
[Date "2005.05.14"]
[Round "3"]
[White "Fumo, Guglielmo"]
[Black "Bianco, Raffaele"]
[Result "0-1"]
[WhiteElo "1937"]
[BlackElo "2092"]
[PlyCount "58"]
[EventDate "2005.05.13"]

1. e4 d6 2. d4 Nf6 3. Nc3 g6 4. Bg5 Bg7 5. Qd2 c6 6. Bh6 Bxh6 7. Qxh6 Qb6 8.
O-O-O Nbd7 9. f4 Ng4 10. Qg7 Rf8 11. Nh3 Ndf6 12. Ng5 h6 13. h3 Nf2 14. Bc4
hxg5 15. fxg5 Nh5 16. Bxf7+ Rxf7 17. Qg8+ Rf8 18. Qxg6+ Kd7 19. Qxh5 Nxh1 20.
g6 Kc7 21. g7 Rg8 22. Qf7 Bd7 23. e5 Nf2 24. Rd2 dxe5 25. dxe5 Qe3 26. Qxe7
Rad8 27. e6 Qxe6 28. Qc5 Qe1+ 29. Nd1 Qxd2+ 0-1

[Event "I Festival Parthenope A"]
[Site "Napoli ITA"]
[Date "2005.05.14"]
[Round "3"]
[White "Grasso, Nino"]
[Black "Stromboli, Carlo"]
[Result "0-1"]
[WhiteElo "1990"]
[BlackElo "2172"]
[PlyCount "75"]
[EventDate "2005.05.13"]

1. e4 e5 2. Nf3 Nc6 3. Bc4 Nf6 4. Ng5 d5 5. exd5 Na5 6. Bb5+ c6 7. dxc6 bxc6 8.
Be2 h6 9. Nf3 e4 10. Ne5 Bd6 11. d4 exd3 12. Nxd3 Qc7 13. Nd2 c5 14. b3 Bf5 15.
Nf3 c4 16. bxc4 Nxc4 17. O-O O-O 18. Re1 Ne4 19. Nb2 Na3 20. Qd5 Bg6 21. Nc4
Nxc2 22. Bd3 Nb4 23. Qd4 Bc5 24. Qe5 Bxf2+ 25. Kf1 Qxe5 26. Ncxe5 Nxd3 27. Rxe4
Bxe4 28. Nxd3 Bxd3+ 29. Kxf2 Rfe8 30. Bf4 Re2+ 31. Kg3 Be4 32. a4 g5 33. Bd6
Rd8 34. Bc5 a6 35. h4 f5 36. hxg5 hxg5 37. Rg1 Rd3 38. Kh2 0-1

[Event "I Festival Parthenope A"]
[Site "Napoli ITA"]
[Date "2005.05.14"]
[Round "3"]
[White "Mautone, Valerio"]
[Black "Stromboli, Ettore"]
[Result "1-0"]
[WhiteElo "2018"]
[BlackElo "2198"]
[PlyCount "106"]
[EventDate "2005.05.13"]

1. e4 e6 2. d3 d5 3. Nd2 Nf6 4. Ngf3 b6 5. e5 Nfd7 6. g3 Bb7 7. Bg2 c5 8. O-O
Nc6 9. Re1 Be7 10. Nf1 Qc7 11. Bf4 h6 12. h4 O-O-O 13. c3 Rdg8 14. Qc1 Qd8 15.
b4 g5 16. hxg5 hxg5 17. Bd2 g4 18. N3h2 Ncxe5 19. Qc2 c4 20. dxc4 Nxc4 21. a4
Qc7 22. Be3 Kb8 23. Qe2 Bf6 24. Rac1 Nxe3 25. Qxe3 Bg5 26. Qe2 Bxc1 27. Rxc1
Qe5 28. Qb5 Qc7 29. Qd3 Ne5 30. Qd4 f6 31. a5 Rh7 32. axb6 Qxb6 33. Qf4 Qd8 34.
Qd4 Nf3+ 35. Nxf3 gxf3 36. Bxf3 e5 37. Qd3 Rgh8 38. c4 Rh1+ 39. Kg2 Qd7 40.
Bxd5 Qh3+ 41. Kf3 Bc8 42. Ke2 Bg4+ 43. Kd2 Bf5 44. Qe2 Qh6+ 45. Ne3 Rxc1 46.
Kxc1 Bh7 47. c5 Qg7 48. Qb5+ Kc8 49. Qa6+ Kd8 50. Qd6+ Kc8 51. Be6+ Kb7 52. c6+
Ka8 53. c7 Kb7 1-0

[Event "I Festival Parthenope A"]
[Site "Napoli ITA"]
[Date "2005.05.14"]
[Round "3"]
[White "Messina, Enrico"]
[Black "Meli, Massimo"]
[Result "1-0"]
[WhiteElo "2133"]
[BlackElo "1907"]
[PlyCount "91"]
[EventDate "2005.05.13"]

1. e4 e5 2. d4 exd4 3. Qxd4 Nc6 4. Qe3 b6 5. Nc3 Bb7 6. Bc4 Ne5 7. Bb3 Nf6 8.
Bd2 Bc5 9. Qe2 Nfg4 10. Nh3 a5 11. O-O-O Ba6 12. Qe1 b5 13. a4 b4 14. Nd5 Ba7
15. f3 c5 16. fxg4 c4 17. Ba2 b3 18. Bb1 bxc2 19. Bxc2 Rb8 20. Bc3 Nd3+ 21.
Bxd3 cxd3 22. Bxg7 Qc8+ 23. Qc3 Qxc3+ 24. Bxc3 Rc8 25. Kb1 Rxc3 26. Nxc3 O-O
27. Nf4 Rb8 28. Nxd3 Bd4 29. Kc2 Bc4 30. Nc1 Be5 31. Rxd7 Rb6 32. h4 Rf6 33. g5
Rf2+ 34. Rd2 Rf4 35. Nd3 Bxd3+ 36. Kxd3 f5 37. exf5 Rd4+ 38. Kc2 Rc4 39. Rd7
Bg3 40. h5 Bf4 41. Re1 Rc8 42. g6 hxg6 43. hxg6 Bg5 44. Kd3 Rf8 45. g4 Bf4 46.
Ree7 1-0

[Event "I Festival Parthenope A"]
[Site "Napoli ITA"]
[Date "2005.05.14"]
[Round "3"]
[White "Orefice, Nino"]
[Black "Schiappoli, Dario"]
[Result "1-0"]
[WhiteElo "1822"]
[BlackElo "1954"]
[PlyCount "92"]
[EventDate "2005.05.13"]

1. Nf3 Nf6 2. g3 d5 3. Bg2 c5 4. O-O Nc6 5. d3 e5 6. Nbd2 h6 7. c3 Bf5 8. Qa4
Qd7 9. e4 Bh7 10. exd5 Nxd5 11. Nxe5 Nxe5 12. Qxd7+ Nxd7 13. Bxd5 O-O-O 14. Be4
f5 15. Bg2 Ne5 16. d4 cxd4 17. cxd4 Rxd4 18. Nb3 Rd3 19. Bf4 Bd6 20. Bxb7+ Kxb7
21. Bxe5 Rxb3 22. Bxd6 Rxb2 23. Be5 Rb4 24. Rab1 Rxb1 25. Rxb1+ Ka6 26. Bxg7
Rc8 27. Bxh6 f4 28. Rd1 fxg3 29. hxg3 Be4 30. Bg5 Rc5 31. Be3 Rc2 32. a3 Ra2
33. Bc5 Bf3 34. Rc1 Rd2 35. Kf1 Rb2 36. Bb4 Kb6 37. Bc3 Ra2 38. Bd4+ Kb7 39.
Rb1+ Ka6 40. Rb3 Bd5 41. Rc3 Kb7 42. Ke1 a5 43. f4 Ka6 44. f5 a4 45. Be5 Be4
46. f6 Ra1+ 1-0

[Event "I Festival Parthenope A"]
[Site "Napoli ITA"]
[Date "2005.05.14"]
[Round "3"]
[White "Rosato, Luciano"]
[Black "Laketic, Gojko"]
[Result "0-1"]
[WhiteElo "2225"]
[BlackElo "2435"]
[PlyCount "120"]
[EventDate "2005.05.13"]

1. d4 Nf6 2. Nf3 e6 3. Bg5 c5 4. e3 Be7 5. Bd3 b6 6. O-O Bb7 7. Nbd2 cxd4 8.
exd4 O-O 9. c3 d6 10. Qe2 Nbd7 11. Rad1 Re8 12. Rfe1 a6 13. h3 b5 14. Bf4 Nb6
15. Bh2 Rc8 16. Ng5 Bd5 17. Bb1 Nc4 18. Nde4 Nxe4 19. Nxe4 g6 20. Bd3 Bxe4 21.
Bxe4 d5 22. Bd3 Bd6 23. Bxc4 Bxh2+ 24. Kxh2 Rxc4 25. a3 a5 26. Qe5 b4 27. axb4
axb4 28. Rd3 Qc7 29. f4 Ra8 30. Qxc7 Rxc7 31. Kg3 Ra2 32. Rb1 Rb7 33. Rdd1 h5
34. Kf3 h4 35. g3 hxg3 36. Kxg3 Kg7 37. Kg4 Kf6 38. Rdc1 bxc3 39. bxc3 Rxb1 40.
Rxb1 Rc2 41. Rb3 Rc1 42. Ra3 Rg1+ 43. Kf3 Kf5 44. Ra7 f6 45. Rc7 Rf1+ 46. Ke3
Rxf4 47. c4 Re4+ 48. Kd3 dxc4+ 49. Rxc4 e5 50. d5 Rxc4 51. Kxc4 e4 52. Kc5 e3
53. d6 Ke6 54. Kc6 e2 55. d7 e1=Q 56. d8=Q Qc3+ 57. Kb5 Qe5+ 58. Kc6 Kf5 59.
Qh8 Kg5 60. Qh7 Qd4 0-1

[Event "I Festival Parthenope A"]
[Site "Napoli ITA"]
[Date "2005.05.14"]
[Round "3"]
[White "Saccone, Fabio"]
[Black "Dragojlovic, Andjelko"]
[Result "0-1"]
[WhiteElo "2325"]
[BlackElo "2285"]
[PlyCount "70"]
[EventDate "2005.05.13"]

1. e4 c5 2. Ne2 g6 3. c4 Nc6 4. Nbc3 Bg7 5. d3 d6 6. g3 Bg4 7. Bg2 Qc8 8. O-O
Nf6 9. Be3 O-O 10. f3 Bd7 11. Qd2 a6 12. b3 Re8 13. Rac1 e5 14. Nd5 Nxd5 15.
cxd5 Nd4 16. b4 b6 17. f4 Bg4 18. Nxd4 exd4 19. Bf2 Bh3 20. bxc5 bxc5 21. Rb1
Bxg2 22. Kxg2 Qc7 23. Rb3 f5 24. exf5 Qf7 25. fxg6 Qxd5+ 26. Kg1 hxg6 27. Re1
Qf3 28. Rbb1 d5 29. Rxe8+ Rxe8 30. Re1 Rb8 31. Qc2 c4 32. dxc4 d3 33. Qa4 Rb2
34. Rf1 d2 35. Qd7 Qxf2+ 0-1